000 00322nam a2200145Ia 4500
008 150201s1999 xx 000 0 und d
082 _a610
_bO1999G
100 _aGUPTA,L.C.
245 _aORAL MEDICINE
250 _a1ST
260 _bAITBS
_aDELHI
_c1999
300 _a1-270
650 _aORAL MEDICINE
942 _2ddc
_cBK
999 _c2859
_d2859